| 000 | 00696nam a2200241Ia 4500 | ||
|---|---|---|---|
| 003 | OSt | ||
| 005 | 20220925203030.0 | ||
| 006 | a|||||r|||| 00| 0 | ||
| 007 | ta | ||
| 008 | 220923b |||||||| |||| 00| 0 eng d | ||
| 037 | _cGeneral Book | ||
| 040 |
_aRTL _cRTL _beng |
||
| 041 |
_2eng _aeng |
||
| 082 | _aV44Q71:51.N7, L3/Q7 | ||
| 100 |
_aBhattacharjee Arun _942065 |
||
| 245 | 0 | _aDateline Mujibnagar | |
| 260 |
_aDelhi _bVikas _c1973 |
||
| 300 |
_aix, 256p _ccm. |
||
| 500 | _aBibliography: P 249-50; Appendixes: P 222-47 | ||
| 650 | _aFreedom Struggle History | ||
| 942 |
_hV44Q71:51.N7, L3/Q7 _cGB _2CC |
||
| 999 |
_c545030 _d545030 |
||